000 00647nam a22002177a 4500
005 20170124110144.0
010 _a171241
020 _c00.00
035 _a171241
037 _bCen Lib/Ret
040 _aDPL
_bEN
082 _a635.96
_bALL
100 _aAllen, Ellen Gordon
_932974
245 _aJapanese flower arrangement in a nutshell :
_cby Ellen Gordon Allen
_ba primer /
260 _bCharles E.Tuttle Company
_c1955
_aJapan
270 _aRutland, Vermont
300 _a55p. :
_c21cm(Hb)
_bill.
650 _aFlower arrangement, Japanese
_932975
650 _aBloemsierkunst
_932976
942 _2ddc
_cEN
_h635.96
_mALL
999 _c131845
_d131845